00531 2200205 4500001002100000005001500021008004100036020002200077035001900099041000700118082001000125090001600135100001900151700002000170700001900190245004100209260002600250300003200276650001700308INLIS00000000000261720241224112554241224||||||||| | ||| |||| || |  a978-979-114-144-4 0010-1224002617 aid0 a641.2 a641.2 JAM d0 aJames A Joseph0 aDaniel A Nadeau0 aAnne Underwood00aDiet Sehat dengan Kode Warna Makanan aJakartabHikmahc2008 aviii+355 hlm;15.5 x 23.5 cm 0aIlmu Terapan